| 000 | 00361pam a2200157a 44500 | ||
|---|---|---|---|
| 008 | 230515b1983 xxu||||| |||| 00| 0 eng d | ||
| 020 | _aNULL | ||
| 041 | _aENGLISH | ||
| 082 | _a630 | ||
| 100 | _a3834-1966 | ||
| 245 | _aSPECIFICATION FOR MASTER LEASE RODS FOR COTTON LOOMS | ||
| 250 | _a0 | ||
| 260 |
_aDELHI _bISI _c1983 |
||
| 300 | _a23 | ||
| 650 | _aNULL | ||
| 999 |
_c652139 _d652139 |
||